000 00315nam a22001457a 4500
008 210311b ||||| |||| 00| 0 eng d
020 _a0321693817
041 _aeng
080 _212th
_a510
082 _a510
100 _a36
101 _aMAT
245 _aMathematical Ideals
_cMiller, CH. D
942 _2udc
_cBK
999 _c56333
_d56333